तीन थोर देशभक्त (Record no. 90186)

MARC details
000 -LEADER
fixed length control field 00565nam a2200181Ia 4500
008 - FIXED-LENGTH DATA ELEMENTS--GENERAL INFORMATION
fixed length control field 090124s9999 xx 000 0 und d
082 ## - DEWEY DECIMAL CLASSIFICATION NUMBER
Item number 19919
100 ## - MAIN ENTRY--PERSONAL NAME
Personal name फडके ना.सी.
245 ## - TITLE STATEMENT
Title तीन थोर देशभक्त
250 ## - EDITION STATEMENT
Edition statement 1
260 ## - PUBLICATION, DISTRIBUTION, ETC. (IMPRINT)
Name of publisher, distributor, etc केशव भिकाजी ढवळे
Date of publication, distribution, etc 1942
300 ## - PHYSICAL DESCRIPTION
Extent 164
600 ## - SUBJECT ADDED ENTRY--PERSONAL NAME
Personal name फडके ना.सी.
630 ## - SUBJECT ADDED ENTRY--UNIFORM TITLE
Uniform title तीन थोर देशभक्त
700 ## - ADDED ENTRY--PERSONAL NAME
Personal name फडके ना.सी.
730 ## - ADDED ENTRY--UNIFORM TITLE
Uniform title तीन थोर देशभक्त
942 ## - ADDED ENTRY ELEMENTS (KOHA)
Koha item type Book
Holdings
Withdrawn status Lost status Damaged status Not for loan Home library Current library Date acquired Cost, normal purchase price Total Checkouts Full call number Barcode Date last seen Cost, replacement price Price effective from Koha item type
        Nagar Wachan Mandir, Thane Nagar Wachan Mandir, Thane   3.00   19919 THNNWM-19919 01/24/2009 3.00 01/24/2009 Book